000 00386nam a2200145Ia 4500
008 230917s9999||||xx |||||||||||||| ||und||
040 _e47777
_aMAIN
041 _aEnglish
082 _a853.1 B631A:W
100 _aAlmansi, Guido
245 0 _aWriter as lair: Narrative techique in the Decameron
260 _aLondon
_bRoutledge & Kegan Paul
_c1975
300 _a166 p.
942 _cBK
999 _c216126
_d216126